01597nab a2200229 uc450000100070000000500170000700800410002403500110006503500210007604000130009704100080011010000490011824500510016752008330021865000360105165000520108765000310113965000470117077301210121794200100133899900190134872188520240201165446.0020223s2001 spa  a721885 a(OCoLC)819933407 ccomduadb aspa 0aGiraldo García, Fernando4auteaut948681610aDemocracia y discurso izquierdista en Colombia3 a: La presencia y evolución del concepto de democracia en el discurso político izquierdista en Colombia considera componentes históricos, políticos e ideológicos. Existen un cierto número de elementos que evidencian una continuidad política. En el artículo no se hace un análisis exclusivo de la significación manifiesta del discurso ideológico o político, como tampoco aquel cuyo fin es colocar sólo en evidencia las significaciones latentes que lo hacen más subjetivo y cualitativo. Por lo tanto, se intenta utilizar con cautela, tácitamente, el análisis manifiesto, el cual es la base del análisis de contenido. Para este trabajo se consideraron los mecanismos de la enuciación, los cuales se basan en la relación existente entre la persona que toma la palabra y lo que ella enuncia.  7aDemocraciazColombia2lemb9214 7aIzquierdas (Política)zColombia2lemb9178087 aDiscurso político926835 7aPartidos políticoszColombia2lemb962910 tReflexión Política (Bucaramanga)gVolumen 03, Número 06, Diciembre 2001, p. 121-131w645959x0124-07810191867 cARIMP c228283d228283